| 000 | 00763nam a2200229 a 4500 | ||
|---|---|---|---|
| 008 | 120416s2004 ||||||||||||||||| || u | ||
| 020 | _a0199638454 | ||
| 050 | _aR 857.B54 Bio | ||
| 100 | _aCass, Anthony E. G | ||
| 245 | 1 | 0 |
_aBiosensors _cedited by Jonathan M. Cooper |
| 246 | _aa practical approach | ||
| 250 | _a2nd ed. | ||
| 260 |
_aOxford _bOxford University Press _c2004 |
||
| 300 | _axvi, 251p. : ill. | ||
| 350 | _a0.00 | ||
| 490 | _aPractical approach series | ||
| 490 | _vno. 268 | ||
| 500 | _aBibliography. | ||
| 650 | _aBIOSENSORS | ||
| 700 | _aCooper, Jonathan M | ||
| 995 |
_D0.00 _FCBU-MAIN LIBRARY (Kitwe) _H1 _I38.90 _M1 _UAVAILABLE _WMar 28, 2007 _ZMain Library Open Access Collection |
||
| 999 |
_c35934 _d35934 |
||